Statystyki dla Słówka angielski

Kliknij tutaj aby rozwiązać quiz!

Ogólne statystyki

  • Ten quiz został rozwiązany 20 razy
  • Średni wynik to 4 z 20

Statystyki odpowiedzi

HintOdpowiedź% Poprawnych
wiarafaith
76%
litośćmercy
59%
zbliżać sięapproach
29%
być w telewizjibe on TV
29%
powodowaćcause
29%
przewagaadvantage
24%
kronikachronicle
24%
obecniecurrently
24%
podejścieapproach
18%
dostarczać
provide
18%
egzorcyzmowaćexorcise
18%
ułatwiać
ease
6%
wyrzuty sumieniaremorse
6%
szczerysincere
6%
mieć coś w planachbe up to something
0%
wzywaćcry out
0%
streszczeniesynopsis
0%
cierpienietorment
0%
zemstavengeance
0%
zakrzywiaćwarp
0%

Rozkład punktacji

Percentyl według liczby udzielonych odpowiedzi

Procent ludzi z każdym wynikiem

Twoja historia wyników

Nie rozwiązałeś tego quizu